| 000 | 01116nam0a2200337 4500 | ||
|---|---|---|---|
| 001 | RU\NLR\BIBL_A\011456232 | ||
| 005 | 20240727031910.0 | ||
| 010 |
_a9785431510922 _96000 |
||
| 021 |
_aRU _b2017-54619 _93888 |
||
| 035 | _a(RuMoRGB)008945549 | ||
| 035 | _a(NLR Aleph) 011456232 | ||
| 090 |
_a11778511 _c11778511 |
||
| 100 | _a20170815d2017 b y0rusy50 ca | ||
| 101 | 0 | _arus | |
| 102 | _aRU | ||
| 105 | _aa z 00gy | ||
| 200 | 1 |
_aЦвет _e[стихи _eдля чтения взрослыми детям _fОльга Мозалёва _gхудожник: Петр Петрина] |
|
| 210 |
_aМосква _cМозаика-синтез _d2017 |
||
| 215 |
_a[13] с. в виде улитки _cцв. ил. _d15 |
||
| 225 | 1 | _aКнижки-улитки | |
| 300 | _aАвт. указан перед вып. дан. | ||
| 333 | _a0+ | ||
| 686 |
_aШ9(2)6=Р70-8 _2rubbk |
||
| 686 | 0 | _aШ9(2)60=Р7-8 | |
| 700 | 1 |
_aМозалёва _bО. _gОльга |
|
| 702 | 1 |
_aПетрина _bП. _gПетр _4040 |
|
| 942 | _cBOOK | ||
| 980 | _aNBR | ||